| 000 | 01447cam a2200337 a 4500 | ||
|---|---|---|---|
| 001 | EDZ0000104755 | ||
| 003 | StDuBDS | ||
| 005 | 20161031105155.0 | ||
| 006 | m||||||||d|||||||| | ||
| 007 | cr ||||||||||| | ||
| 008 | 121017s2010 ii a fo| 001|0|eng d | ||
| 020 |
_a9781446270110 (ebook) : _cNo price |
||
| 040 |
_aStDuBDS _beng _cStDuBDS _epn |
||
| 049 | _aAlfaisal Main Library | ||
| 050 | 0 |
_aHB139 _b.H384 2010 |
|
| 082 | 0 | 4 |
_a330.015195 _223 |
| 100 | 1 | _aHatekar, Neeraj. | |
| 245 | 1 | 0 |
_aPrinciples of econometrics _h[electronic resource] : _ban introduction (using R) / _cNeeraj R. Hatekar. |
| 260 |
_aDelhi ; _aLondon : _bSAGE, _c2010. |
||
| 300 |
_a1 online resource (xxii, 439 p.) : _bill. |
||
| 520 | 8 | _aThis textbook makes learning the basic principles of econometrics easy for all the undergraduate and postgraduate students of economics. It specifically caters to the syllabus of the 'Introductory Econometrics' course taught in the third year of the Bachelor of Economics programme in many universities. | |
| 521 | _aSpecialized. | ||
| 588 | _aDescription based on print version record. | ||
| 504 | _aIncludes bibliographical references and index. | ||
| 650 | 0 | _aEconometrics. | |
| 655 | 7 |
_aElectronic books. _2local |
|
| 710 | 2 | _aSage eBooks | |
| 776 | 0 | 8 |
_iPrint version : _z9788132104698 |
| 856 | 4 | 0 | _uhttp://ezproxy.alfaisal.edu/login?url=http://sk.sagepub.com/books/principles-of-econometrics |
| 942 |
_2lcc _cEBOOKS |
||
| 999 |
_c480943 _d480943 |
||